Australian Federal Electoral Divisions Quiz - Statistics

General Stats
  • This quiz has been taken 742 times
  • The average score is 77 of 150
Answers on the Map
Answers color-coded by a green-red scale on the quiz's map according to % correct below.
 
Answer Stats
Electorate % Correct
Melbourne
86%
Perth
86%
Brisbane
85%
Sydney
84%
Adelaide
83%
Canberra
80%
Grey
76%
Bean
75%
Lingiari
71%
Solomon
71%
Kennedy
70%
Bass
68%
Farrer
67%
Cook
66%
Menzies
66%
New England
66%
Barton
65%
Curtin
65%
Indi
65%
Leichhardt
65%
Mayo
64%
Dickson
63%
Hawke
63%
Kooyong
63%
Lyons
63%
Whitlam
63%
Bendigo
62%
Maranoa
62%
Braddon
61%
Grayndler
61%
Griffith
61%
Sturt
61%
Clark
60%
Newcastle
60%
Ryan
60%
Wentworth
60%
Deakin
59%
Fraser
58%
Goldstein
58%
Holt
58%
Parramatta
58%
Franklin
57%
Warringah
57%
Ballarat
56%
Banks
56%
Bennelong
56%
Eden Monaro
56%
Hughes
56%
Hume
55%
Hunter
55%
Fremantle
54%
Reid
54%
Bullwinkel
53%
Capricornia
53%
Durack
53%
Wannon
53%
Wills
53%
Canning
52%
Fisher
52%
Flinders
52%
Gippsland
52%
McMahon
52%
Richmond
52%
Forde
51%
Bonner
50%
Chifley
50%
Fowler
50%
Gorton
50%
Kingsford Smith
50%
McEwen
50%
O'Connor
50%
Parkes
50%
Swan
50%
Watson
50%
Bradfield
49%
Fenner
49%
Forrest
49%
Barker
48%
Corio
48%
Cowper
48%
Riverina
48%
Aston
47%
Calare
47%
Herbert
47%
Longman
47%
Monash
47%
Page
47%
Petrie
47%
Mackellar
46%
Macnamara
46%
Oxley
46%
Blaxland
45%
Bruce
45%
Fadden
45%
Macquarie
45%
Tangney
45%
Chisholm
44%
Jagajaga
44%
Wide Bay
44%
Berowra
43%
Blair
43%
Boothby
43%
Fairfax
43%
Lalor
43%
McPherson
43%
Scullin
43%
Hindmarsh
42%
Kingston
42%
Lindsay
42%
Macarthur
42%
Maribyrnong
42%
Moore
42%
Moreton
42%
Cowan
41%
Lilley
41%
Robertson
41%
Werriwa
41%
Brand
40%
Burt
40%
Cooper
40%
Gilmore
40%
Greenway
40%
Groom
40%
Hasluck
40%
Isaacs
40%
La Trobe
40%
Mallee
40%
Paterson
40%
Rankin
40%
Calwell
39%
Dawson
39%
Dunkley
39%
Hinkler
39%
Lyne
39%
Mitchell
39%
Pearce
39%
Shortland
39%
Casey
38%
Bowman
37%
Corangamite
37%
Flynn
37%
Moncrieff
37%
Spence
37%
Wright
37%
Hotham
35%
Dobell
34%
Makin
34%
Cunningham
33%
Gellibrand
31%
Nicholls
31%
No matching quizzes found
Score Distribution
Percent of People with Each Score
Percentile by Number Answered
Your Score History
You have not taken this quiz